Satanized- Ghost - Statistics

General Stats
  • This quiz has been taken 45 times
    31 since last reset
  • The average score is 174 of 222
Answer Stats
Answer % Correct
a
100%
A
100%
An
100%
est
100%
estis
100%
Et
100%
I
100%
in
100%
membra
100%
Sancti
100%
Spiritus
100%
Templum
100%
Deo?
93%
habetis
93%
is
93%
know
93%
me
93%
me,
93%
nescitis
93%
non
93%
the
93%
vestra
93%
vestri
93%
vobis
93%
And
87%
and
87%
be
87%
cure
87%
don't
87%
from
87%
heart
87%
Heresy!
87%
if
87%
I'm
87%
inside
87%
in x2
87%
Save
87%
something
87%
There
87%
there
87%
any
80%
Blasphemy!
80%
bottom
80%
eating
80%
give
80%
have
80%
known
80%
no
80%
Not
80%
not
80%
Satanized
80%
Satanized x3
80%
should
80%
that
80%
they
80%
to
80%
To
80%
victimized
80%
before
73%
demonic
73%
monster
73%
my
73%
of
73%
possession
73%
It's
67%
it's
67%
paralyzed
67%
Quem
67%
Qui
67%
quoniam
67%
soul
67%
Unlike
67%
devotion
60%
for
60%
I've
60%
but
53%
longer
53%
prayers
53%
quelling
53%
sure
53%
tormenting
53%
been
47%
burst
47%
heartache
47%
life
47%
remedy,
47%
sickening
47%
slowly
47%
urges
47%
whole
47%
God
40%
Into
40%
love
40%
making
40%
notion
40%
Through
40%
affliction
33%
bending
33%
coerced
33%
twisting
33%
begged
27%
core
27%
deadly
27%
fighting
27%
invested
27%
laicized
27%
Like
20%
No matching quizzes found
Score Distribution
Percent of People with Each Score
Percentile by Number Answered
Your Score History
You have not taken this quiz since the last reset